Statistiken für Autobahnausfahrten A1 (Österreich)

Klicken Sie hier um das Quiz zu spielen!

Allgemein

  • Dieses Quiz wurde 20 mal gespielt
  • Das Durchschnittsergebnis liegt bei 16 aus 41

Antwortstatistiken

BundeslandAusfahrt% Korrekt
NiederösterreichMelk
72%
SalzburgSalzburg-West/Wals
72%
NiederösterreichAmstetten-West
67%
OberösterreichMondsee
67%
NiederösterreichSt. Pölten-Süd
67%
NiederösterreichSt. Valentin
61%
NiederösterreichAmstetten-Ost
56%
OberösterreichEnns-West/Steyr
56%
SalzburgEugendorf/Wallersee
56%
NiederösterreichOed
56%
SalzburgThalgau
56%
NiederösterreichYbbs/Wieselburg
56%
NiederösterreichBöheimkirchen
50%
SalzburgSalzburg-Mitte
50%
WienAuhof
44%
OberösterreichEnns-Ost
44%
OberösterreichRegau/Gmunden-West
44%
OberösterreichAnsfelden
39%
OberösterreichAsten/St. Florian
39%
NiederösterreichLoosdorf
39%
OberösterreichOberwang
39%
NiederösterreichPressbaum
39%
OberösterreichSt. Georgen im Attergau
39%
NiederösterreichHaag
33%
OberösterreichLaakirchen-Ost
33%
OberösterreichLaakirchen-West/Gmunden-Ost
33%
NiederösterreichPöchlarn
33%
OberösterreichSattledt
33%
SalzburgSiezenheim
33%
NiederösterreichSt. Christophen
33%
OberösterreichTraun
33%
SalzburgKleßheim
28%
OberösterreichSeewalchen am Attersee
28%
OberösterreichVorchdorf
22%
OberösterreichSchörfling am Attersee
17%
OberösterreichAllhaming
11%
SalzburgBergheim-West
11%
OberösterreichEberstalzell
11%
SalzburgFlughafen Salzburg
11%
SalzburgMessezentrum Salzburg
6%
NiederösterreichAltengbach
0%

Verteilung der Resultate

Perzentil nach korrekt beantworteten Fragen

Anzahl Personen mit jedem Resultat

Ihre Resultats-Entwicklung

Sie haben dieses Quiz noch nicht gespielt